|
|
|
|
| LEADER |
00000nam a2200000 a 4500 |
| 001 |
vtls001323784 |
| 003 |
SK-MaSNL |
| 005 |
20260301235534.0 |
| 008 |
240318s1970 xx 0 und |
| 035 |
|
|
|a SNK000276483
|
| 040 |
|
|
|a SNK
|b slo
|c SNK
|e AACR2
|
| 100 |
1 |
|
|a Grigulevič, I. R.
|4 aut
|9 521076
|
| 245 |
1 |
0 |
|a Istorija inkvizicii 13. - 20. vv
|
| 260 |
|
|
|a Moskva
|b Izdateľstvo "Nauka"
|c 1970
|
| 300 |
|
|
|a 446 s.
|
| 958 |
|
|
|a OND
|
| 999 |
|
|
|c 975504
|d 977434
|
| 952 |
|
|
|t P60, <04>, [BOOK], {604}
|a SNK
|b SNK
|y VYP
|7 0
|p 17A0127838
|o snkIC 48667
|0 0
|1 0
|4 0
|d 1998-03-09
|l 0
|r 2005-01-02 00:00:00
|w 2026-02-24
|